| 000 | 00875cam a2200289 a 4500 | ||
|---|---|---|---|
| 001 | 627 | ||
| 003 | BD-RjUL | ||
| 005 | 20211208233217.0 | ||
| 008 | 131119s1988 nyua 001 0 eng | ||
| 020 | _a007015905X (pbk.) | ||
| 035 | _a(BD-RjUL) 645 | ||
| 040 |
_aDLC _cDLC _dDLC _beng |
||
| 041 | _aeng | ||
| 082 | 0 | 0 |
_a005.133 _219 _bDAF 1988 |
| 100 | 1 |
_aDavis, Gordon B. _91908 |
|
| 245 | 1 | 0 |
_aFORTRAN 77 : _ba structured, disciplined style / _cGordon B. Davis, Thomas R. Hoffmann. |
| 250 | _a3rd ed. | ||
| 260 |
_aNew York : _bMcGraw-Hill, _cC-1988. |
||
| 300 |
_aix, 434 p. : _bcol. ill. ; _c28 cm. |
||
| 500 | _aIncludes index. | ||
| 650 | 0 |
_aFORTRAN 77 (Computer program language) _91909 |
|
| 650 | 0 |
_aStructured programming. _91910 |
|
| 700 | 1 |
_aHoffmann, Thomas Russell, _d1933- _91911 |
|
| 942 |
_2ddc _cBK |
||
| 999 |
_c627 _d627 |
||